|
|
|
|
| LEADER |
00000nam0a2200000 4500 |
| 001 |
286957 |
| 005 |
20231101235937.0 |
| 035 |
|
|
|a (RuTPU)RU\TPU\book\311321
|
| 090 |
|
|
|a 286957
|
| 100 |
|
|
|a 20150311d1984 k y0rusy5003 ca
|
| 101 |
0 |
|
|a rus
|
| 102 |
|
|
|a RU
|
| 105 |
|
|
|a a z 001zy
|
| 200 |
1 |
|
|a Передача информации в энергосистемах
|e переводы докладов Международной конференции по большим электрическим системам (СИГРЭ-82)
|f под ред. В. Х. Ишкина
|
| 210 |
|
|
|a Москва
|c Энергоатомиздат
|d 1984
|
| 215 |
|
|
|a 88 с.
|c ил.
|
| 225 |
1 |
|
|a Энергетика за рубежом
|
| 606 |
1 |
|
|a Информация
|x Передача
|x Автоматизация
|2 stltpush
|3 (RuTPU)RU\TPU\subj\12988
|9 39678
|
| 610 |
1 |
|
|a энергосистемы
|
| 610 |
1 |
|
|a телефонная связь
|
| 610 |
1 |
|
|a волоконно-оптические системы
|
| 610 |
1 |
|
|a оптические кабели
|
| 610 |
1 |
|
|a надежность
|
| 610 |
1 |
|
|a грозозащита
|
| 610 |
1 |
|
|a оптические волокна
|
| 610 |
1 |
|
|a телемеханика
|
| 610 |
1 |
|
|a эксплуатационные расходы
|
| 610 |
1 |
|
|a управление
|
| 610 |
1 |
|
|a программное обеспечение
|
| 610 |
1 |
|
|a аварийные ситуации
|
| 610 |
1 |
|
|a диспетчерское управление
|
| 610 |
1 |
|
|a зарубежный опыт
|
| 610 |
1 |
|
|a материалы конференций
|
| 702 |
|
1 |
|a Ишкин
|b В. Х.
|4 340
|
| 712 |
1 |
2 |
|a Международная конференция по крупным энергосистемам (СИГРЭ-82)
|c конференция
|d 29
|f 1982
|4 570
|
| 801 |
|
0 |
|a RU
|b RuMRKP
|c 19950704
|g psbo
|
| 801 |
|
1 |
|a RU
|b 63413507
|c 20150311
|
| 801 |
|
2 |
|a RU
|b 63413507
|c 20211021
|g RCR
|
| 942 |
|
|
|c BK
|